Здалека до близького: спогади, роздуми (Запис № 336610)

МАРК-запис
000 -Лідер
fixed length control field 00803nam a22002657a 4500
001 - Контрольний номер
control field 50506
003 - Ідентифікатор контрольного номера
control field UA-OsUOA
005 - Дата та час останнього входження (трансакції)
control field 20260326113002.0
007 - Фіксоване поле фізичного опису
fixed length control field ta
008 - Елементи даних фіксованої довжини – загальна інформація
fixed length control field 20071119b un ||||| |||| 00| 0 ukr d
020 ## - Міжнародний стандартний книжковий номер (ISBN)
Міжнародний стандартний книжковий номер (ISBN) (НП) 0920862519
040 ## - Джерело каталогізації
Агенція оригінальної каталогізації UA-OsUOA
Мова каталогізації ukr
Агенція, яка здійснювала перезапис UA-OsUOA
Агенція, яка здійснювала модифікацію UA-OsUOA
041 ## - Код мови
Код мови тексту/ звукової доріжки чи окремого заголовка (П) ukr
080 ## - Індекс Універсальної десяткової класифікації
Індекс Універсальної десяткової класифікації (УДК) (НП) 82-92
090 ## - Локальний шифр розміщення
Класифікаційний індекс УДК 82-92
Авторський знак (НП) С59
100 ## - Основне введення – ім’я особи
Ім’я особи (НП) Сокіл В.
9 (RLIN) 24689
245 ## - Відомості про назву
Назва (НП) Здалека до близького: спогади, роздуми
Дані про відповідальність (НП) Василь Сокіл
246 ## - Інша форма назви
Назва (НП) From far away to close at Hand
260 ## - Публікація, розповсюдження і т.п. (Вихідні дані)
Місце публікації, розповсюдження і т.п. (П) Едмонт
Ім’я/ наймення видавництва, розповсюджувача і т.п. (П) КІУС
Дата публікації, розповсюдження і т.п. (П) 1987
300 ## - Фізичний опис
Обсяг 360 с.
650 #7 - Додаткове предметне введення – тематичний термін
Тематичний термін чи географічна назва, як елемент введення (НП) 82 Література. Літературознавство
Джерело заголовка чи терміна UDC
9 (RLIN) 15
942 ## - Додаткові елементи входу (Коха)
Тип елемента Koha Книги
Source of classification or shelving scheme Universal Decimal Classification
955 ## - Код типу видання за змістом
Код типу видання за змістом (НП) Літературно-художні видання
Фонди
Стан вилучень Стан втрат Джерело класифікації або схеми стелажів Стан уражень Не для кредиту Постійне місце розташування Поточне розміщення Дата придбання Джерело придбання Вартість, звичайна ціна покупки Інвентарний номер Усього замовленно Повний номер виклику Штрих-код Дата останнього перегляду Ціна ефективна від Тип елемента Koha Код колекції Вартість, ціна заміни
    Universal Decimal Classification     АБ - Абонемент НБ АБ - Абонемент НБ 12/10/2005 117/2005 12.00 87475   82-92 С59 87475 10/02/2022 12/10/2005 Книги    
    Universal Decimal Classification     АБ - Абонемент НБ АБ - Абонемент НБ 12/10/2005 117/2005 12.00 87476   82-92 С59 87476 10/02/2022 12/10/2005 Книги    
    Universal Decimal Classification     АБ - Абонемент НБ АБ - Абонемент НБ 12/10/2005 117/2005 12.00 87477   82-92 С59 87477 10/02/2022 12/10/2005 Книги    
    Universal Decimal Classification     АБ - Абонемент НБ АБ - Абонемент НБ 19/11/2007 198/2007 10.00 109326   82-92 С59 109326 10/02/2022 19/11/2007 Книги    
    Universal Decimal Classification     АБ - Абонемент НБ АБ - Абонемент НБ 19/11/2007 198/2007 10.00 109327   82-92 С59 109327 05/04/2022 19/11/2007 Книги    
Withdrawn   Universal Decimal Classification     АБ - Абонемент НБ АБ - Абонемент НБ 19/11/2007 198/2007 10.00 109328   82-92 С59 109328 13/07/2019 19/11/2007 Книги    
    Universal Decimal Classification     АБ - Абонемент НБ АБ - Абонемент НБ 31/03/2017 17/2017 10.00 153409   82-92 С59 153409 02/05/2022 19/11/2007 Книги    
    Universal Decimal Classification     АБ - Абонемент НБ АБ - Абонемент НБ 26/03/2026 №16/25.03.2026 30.00     82-92 С59 169711 26/03/2026 26/03/2026 Книги Колекція Шевчука Валерія 30.00
    Universal Decimal Classification     Наукова бібліотека ІДУД Наукова бібліотека ІДУД 20/05/2014 311/2014 1.00 2135942   82-94 С59 2135942 14/09/2019 20/05/2014 Книги    
    Universal Decimal Classification     Наукова бібліотека ІДУД Наукова бібліотека ІДУД 23/10/2006 55/2006 1.00 2125945   82-94 С59 2125945 15/09/2019 23/10/2006 Книги Колекція Канадського інституту українських студій  
    Universal Decimal Classification     Наукова бібліотека ІДУД Наукова бібліотека ІДУД 14/06/2008 195/2008 1.00 2129027   82-94 С59 2129027 15/09/2019 14/06/2008 Книги